Normal view
MARC view
Entry Término temático
001 - NÚMERO DE CONTROL
- campo de control: 77400
003 - IDENTIFICADOR DEL NÚMERO DE CONTROL
- campo de control: OSt
005 - FECHA Y HORA DE LA ÚLTIMA TRANSACCIÓN
- campo de control: 20201124144804.0
008 - DATOS DE LONGITUD FIJA
- campo de control de longitud fija: 201124|| aca||aabn | a|a d
040 ## - FUENTE DE LA CATALOGACIÓN
- Centro catalogador/agencia de origen: OSt
- Centro/agencia transcriptor: OSt
150 ## - ENCABEZAMIENTO--TÉRMINO DE MATERIA
- Término de materia o nombre geográfico como elemento de entrada: Reservas forestales
- Subdivisión geográfica: La Romana (República Dominicana)
670 ## - FUENTE DE DATOS ENCONTRADOS
- Cita de la fuente: Work cat.: (OSt)2530: Plan de uso y gestión del parque nacional de los Haitises y áreas periféricas :, 1991.
